Geography Quiz

Random Geography or City Quiz

Divided Capitals Quiz Stats

 Plays Quiz Updated Apr 6, 2013

Also try: Divided Countries
Challenge
Share
Tweet
Embed
Score 0/80 Timer 08:00
4 Plays Today
% Correct
DAM
92.2%
HAGEN
92.1%
TON
91.5%
SALEM
91%
HOLM
90.9%
PEST
90.3%
SELS
89.9%
INKI
89.8%
ABAD
88.3%
SAW
88%
JAVIK
87.5%
DON
86.4%
REST
86.1%
INGTON
85.5%
ERRA
83.9%
AGO
83.8%
STON
83.3%
LAVA
82.9%
YANG
81.5%
HDAD
80.1%
TOWN
79.7%
DISHU
78.9%
COW
78.5%
OBI
77.8%
SCUS
77.5%
LIN
77.5%
JING
75.9%
VIDEO
74.9%
ORIA
74.6%
TOUM
74.1%
BAATAR
74%
REB
73.5%
JEVO
73.3%
VIA
73.2%
GRADE
72.3%
RID
70%
LJANA
69.4%
POLI
65.5%
ZAVILLE
61.5%
KENT
61.2%
% Correct
CAT
60.5%
KEK
58.3%
TINA
58.1%
HOEK
57.3%
ETTA
57.3%
GALPA
56.7%
HASA
55.2%
DOUGOU
54.6%
ARE
52.9%
VAN
52.4%
RICA
52.1%
TIANE
52%
AGUA
51%
TERRE
49.4%
INAU
49.4%
MARIBO
48.5%
PALA
48.4%
ANARIVO
48.4%
OPAN
48.2%
PHU
43.9%
ABAT
43.1%
ONE
42.3%
UTO
42.2%
WE
41.5%
FUTI
40.7%
KRY
39.5%
SOUKRO
39.3%
HANBE
38.1%
MAKO
37.3%
MA
37.2%
CHOTT
36.9%
RIES
36.7%
UNDÉ
36.4%
DOMA
36.2%
UMBURA
35.6%
YIDAW
35.5%
MEY
35.3%
ARA
32.7%
UI
32%
KIR
29%

You're not logged in!

Compare scores with friends on all Sporcle quizzes.
OR
Log In

You Might Also Like...

Show Comments

Extras

Top Quizzes Today


Score Distribution

Your Account Isn't Verified!

In order to create a playlist on Sporcle, you need to verify the email address you used during registration. Go to your Sporcle Settings to finish the process.

Report this User

Report this user for behavior that violates our Community Guidelines.

Details: